WPL Teams By Logo - Statistics

General Stats
  • This quiz has been taken 31 times
  • The average score is 4 of 5
Answer Stats
Picture Answer % Correct
Mumbai Indians
100%
Delhi Capitals
90%
Royal Challengers Bangalore
90%
Gujarat Giants
55%
UP Warriorz
55%
No matching quizzes found
Score Distribution
Percent of People with Each Score
Percentile by Number Answered
Your Score History
You have not taken this quiz